000 00718nam a2200277Ia 4500
001 7106
005 20240113233957.0
007 ta
008 050702s 199 a g b000 u eng u
020 _a81-7156-448-8
040 _aCotton College,Assam
041 _aeng
082 _a338.91
_bGu 959 Ga
100 _aGupta, K.R. .
245 0 _aGatt Accord /
_cK.R. Gupta.
_hTextual Documents
250 _a1st ed. /
260 _aNew Delhi :
_bAtlantic Publishers ,
_cC 1996.
300 _a441p. :
_bill. ;
_c22cm .
653 _aEconomics-Gatt Accord
653 _aEconomic Policy
653 _aGatt Accord
653 _aPG-Economics
942 _2ddc
_cBK
999 _c7093
_d7093